| 000 | 01039nam a2200277 a 4500 | ||
|---|---|---|---|
| 005 | 20191217042710.0 | ||
| 008 | 121023s2012 sp a jr 000 0dspa d | ||
| 020 | _a9788467828771 | ||
| 040 |
_aCO-BoBLA _cCO-BoBLA |
||
| 041 | 1 |
_heng _aspa |
|
| 044 | _ack | ||
| 090 |
_aI-ANA _b03 |
||
| 100 | 1 | _aGreen, Jen. | |
| 245 | 1 | 0 |
_a¿Por qué debo reciclar? / _cescrito por Jen Green ; ilustrado por Mike Gordon ; traducción Fuencisla del Amo. |
| 260 |
_aMadrid : _bAnaya, _c2012. |
||
| 300 |
_a31 páginas _bilustraciones a color _c22 x 19 cm. |
||
| 490 | 0 | _a{Por qué debo | |
| 534 |
_pTítulo original : _tWhy should I recycle? |
||
| 650 | 4 | _aLibros ilustrados para niños. | |
| 650 |
_aBasuras y aprovechamiento de basuras _x Enseñanza _x Libros ilustrados para niños. |
||
| 650 |
_aIndustria de reciclaje _x Enseñanza _x Libros ilustrados para niños. |
||
| 700 | 1 |
_aGordon, Mike, _eilustrador |
|
| 700 | 1 |
_aAmo, Fuencisla del, _etraductor |
|
| 942 |
_2z _cLIBRO |
||
| 949 |
_an _bn |
||
| 999 |
_c19873 _d19873 |
||